000
00299nam a2200133Ia 4500
008
230917s9999||||xx |||||||||||||| ||und||
040
_e
155225
_a
MAIN
041
_a
English
082
_a
294.564 A14N
100
_a
Anantanand
245
0
_a
Nirvana-priyatam charit
300
_a
275 p.
942
_c
BK
999
_c
73491
_d
73491